Advancing responsible business practices in land, construction and real estate use and investment (Record no. 115566)

MARC details
000 -LEADER
fixed length control field 01851cam a22002535a 4500
001 - CONTROL NUMBER
control field L158883
008 - FIXED-LENGTH DATA ELEMENTS--GENERAL INFORMATION
fixed length control field 140821s2015 xxk f 000 0 eng d
035 ## - SYSTEM CONTROL NUMBER
System control number (Sirsi) u158883
041 0# - LANGUAGE CODE
Language code of text/sound track or separate title eng
110 2# - MAIN ENTRY--CORPORATE NAME
Corporate name or jurisdiction name as entry element Royal Institution of Chartered Surveyors
9 (RLIN) 4900
245 00 - TITLE STATEMENT
Title Advancing responsible business practices in land, construction and real estate use and investment
260 ## - PUBLICATION, DISTRIBUTION, ETC.
Place of publication, distribution, etc. London
Name of publisher, distributor, etc. RICS
Date of publication, distribution, etc. 2015
505 2# - FORMATTED CONTENTS NOTE
Formatted contents note Foreword -- About this document -- The land, construction and real estate life cycle -- The development phase -- The real estate use phase -- The recovery phase -- Key building blocks of a responsible land, construction and real estate business strategy -- Issue glossary -- Self-assessment checklist -- UN resources and tools list -- Endnotes -- Acknowledgements
520 ## - SUMMARY, ETC.
Summary, etc. Represents a two years long collaboration between RICS and the United Nations Global Compact. Together they identified 15 key issues and 15 actions that are tied to the Ten Principles of the Global Compact - in the areas of human rights, labour, the environment and anti-corruption - and created a ?responsible business? roadmap for the land, real estate and construction sectors and its users. The aim is to make responsible business the status quo and encourage companies to think holistically about the environmental and social impact of their business activities, and strategic investment decisions.
590 ## - LOCAL NOTE (RLIN)
Local note KA
650 24 - SUBJECT ADDED ENTRY--TOPICAL TERM
Topical term or geographic name entry element RESPONSIBLE BUSINESS
650 24 - SUBJECT ADDED ENTRY--TOPICAL TERM
Topical term or geographic name entry element SOCIAL IMPACT
650 24 - SUBJECT ADDED ENTRY--TOPICAL TERM
Topical term or geographic name entry element ENVIRONMENTAL IMPACT
651 #4 - SUBJECT ADDED ENTRY--GEOGRAPHIC NAME
Geographic name International
690 ## - LOCAL SUBJECT ADDED ENTRY--TOPICAL TERM (OCLC, RLIN)
Topical term or geographic name as entry element Business and management
9 (RLIN) 6226
710 1# - ADDED ENTRY--CORPORATE NAME
Corporate name or jurisdiction name as entry element United Nations Global Impact
856 48 - ELECTRONIC LOCATION AND ACCESS
Uniform Resource Identifier <a href="http://web.archive.org/web/20160101195116/https://www.rics.org/Global/RICS%20UNGC%20Advancing%20Responsible%20Business%20-%20Full%20Report.pdf">http://web.archive.org/web/20160101195116/https://www.rics.org/Global/RICS%20UNGC%20Advancing%20Responsible%20Business%20-%20Full%20Report.pdf</a>
Public note Available on the web archive
942 ## - ADDED ENTRY ELEMENTS (KOHA)
Suppress in OPAC 0
Source of classification or shelving scheme Dewey Decimal Classification
Holdings
Withdrawn status Lost status Source of classification or shelving scheme Damaged status Not for loan Home library Current library Shelving location Date acquired Total Checkouts Full call number Date last seen Copy number Price effective from Koha item type
    Dewey Decimal Classification     Virtual Virtual Online 02/09/2015   ONLINE PUBLICATION 14/11/2023 1 06/08/2019 Online material